| 000 | 00554nam a2200181Ia 4500 | ||
|---|---|---|---|
| 003 | OSt | ||
| 005 | 20240322150252.0 | ||
| 008 | 210210b1953 xxu||||| |||| 00| 0 eng d | ||
| 040 | _cAL | ||
| 041 | _akan | ||
| 082 | _a854/228 | ||
| 100 |
_aRANGANATHA MUGALI SHRI ರಂಗನಾಥ ಮುಗಳಿ ಶ್ರೀ _9146686 |
||
| 245 |
_aKannada sahitya charitre; _bಕನ್ನಡ ಸಾಹಿತ್ಯ ಚರಿತ್ರೆ |
||
| 260 |
_aMaisuru _bUsha Sahitya Male _c1953 |
||
| 690 |
_aKannada Criticism _9146689 |
||
| 906 | _a020078 | ||
| 942 |
_2ddc _cBK |
||
| 999 |
_c144230 _d144230 |
||